Kabale University Library Catalogue

Social science perspectives on managing agricultural technology / (Record no. 5906)

MARC details
000 -LEADER
fixed length control field 01231cam a2200289 a 4500
003 - CONTROL NUMBER IDENTIFIER
control field OSt
005 - DATE AND TIME OF LATEST TRANSACTION
control field 20260129155738.0
008 - FIXED-LENGTH DATA ELEMENTS--GENERAL INFORMATION
fixed length control field 910924s1989 ce b i100 0 eng
020 ## - INTERNATIONAL STANDARD BOOK NUMBER
Canceled/invalid ISBN 9290901035
040 ## - CATALOGING SOURCE
Original cataloging agency KABLIB
Transcribing agency KABLIB
Language of cataloging eng
Description conventions rda
082 00 - DEWEY DECIMAL CLASSIFICATION NUMBER
Classification number 338.1
Edition number 23
Item number SOC
245 00 - TITLE STATEMENT
Title Social science perspectives on managing agricultural technology /
Statement of responsibility, etc. edited by David Groenfeldt, Joyce Lewinger Moock.
260 ## - PUBLICATION, DISTRIBUTION, ETC.
Place of publication, distribution, etc. Colombo, Sri Lanka :
Name of publisher, distributor, etc. International Irrigation Management Institute,
Date of publication, distribution, etc. c1989.
300 ## - PHYSICAL DESCRIPTION
Extent xv, 222 p. ;
Dimensions 27 cm.
504 ## - BIBLIOGRAPHY, ETC. NOTE
Bibliography, etc. note Includes bibliographical references.
650 #0 - SUBJECT ADDED ENTRY--TOPICAL TERM
Topical term or geographic name entry element Agricultural innovations
General subdivision Congresses.
9 (RLIN) 14906
650 #0 - SUBJECT ADDED ENTRY--TOPICAL TERM
Topical term or geographic name entry element Agricultural innovations
General subdivision Social aspects
-- Congresses.
9 (RLIN) 14907
650 #0 - SUBJECT ADDED ENTRY--TOPICAL TERM
Topical term or geographic name entry element Agricultural innovations
Geographic subdivision Developing countries
General subdivision Congresses.
9 (RLIN) 14908
650 #0 - SUBJECT ADDED ENTRY--TOPICAL TERM
Topical term or geographic name entry element Agriculture
General subdivision Research
-- Congresses.
9 (RLIN) 14909
650 #0 - SUBJECT ADDED ENTRY--TOPICAL TERM
Topical term or geographic name entry element Agriculture
General subdivision Research
-- Social aspects
-- Congresses.
9 (RLIN) 14910
650 #0 - SUBJECT ADDED ENTRY--TOPICAL TERM
Topical term or geographic name entry element Agriculture
General subdivision Research
Geographic subdivision Developing countries
General subdivision Congresses.
9 (RLIN) 14911
700 1# - ADDED ENTRY--PERSONAL NAME
Personal name Groenfeldt, David.
9 (RLIN) 14912
700 1# - ADDED ENTRY--PERSONAL NAME
Personal name Moock, Joyce Lewinger.
9 (RLIN) 14905
710 2# - ADDED ENTRY--CORPORATE NAME
Corporate name or jurisdiction name as entry element International Irrigation Management Institute.
9 (RLIN) 14913
710 2# - ADDED ENTRY--CORPORATE NAME
Corporate name or jurisdiction name as entry element Rockefeller Foundation.
9 (RLIN) 14914
942 ## - ADDED ENTRY ELEMENTS (KOHA)
Source of classification or shelving scheme Dewey Decimal Classification
Koha item type Book
Holdings
Withdrawn status Lost status Source of classification or shelving scheme Damaged status Not for loan Home library Current library Shelving location Date acquired Source of acquisition Total Checkouts Full call number Barcode Date last seen Price effective from Koha item type
    Dewey Decimal Classification     Mukombe Library Mukombe Library Open Access Section 29.01.2026 Donation   338.1 SOC 14376 29.01.2026 29.01.2026 Book
    Dewey Decimal Classification     Mukombe Library Mukombe Library Open Access Section 29.01.2026 Donation   338.1 SOC 14377 29.01.2026 29.01.2026 Book

Kabale University Library | Kabale University P.O Box 317, Kabale, Uganda
Tel : +256754017033, +256774661503 E-mail : library@kab.ac.ug